000 00524nam a2200181Ia 4500
003 GCL
008 140319s9999 xx 000 0 ara d
040 _aGCL /
_cGCL
082 0 4 _a801.95
_bف م
100 1 _aمصطفى ماهر
_vAnnotator
_@
…علق
245 1 0 _aمدخل الى الادب /
_cمصطفى ماهر
700 1 _aمصطفى فودة
700 1 _aفوجية، اميل
300 _a190 ص
490 _aالالف كتاب
_v0
650 0 4 _aالادب - تاريخ ونقد
942 _2ddc
_cBK
999 _c43244
_d43244